00683nam a2200241 a 4500001001300000003000900013005001700022008004100039020000900080082001700089100001600106245004700122260003100169300000900200500003500209505001400244650002100258700001600279902000800295942000700303952011600310999001500426nice12345678IN_TiNIC20260116012910.0050524s1985 dela grp 000 0 eng  ac3000a297.175bQUT aQutub, Mohd aIslam and the Modern Materialistic Thought aDelhibHindustan Pubc1985 a336p aincludes index and biblioraphy2 aReference aIslam-Psychology1 aQutub, Mohd bSRS cBK 001040708StackRoom-aHMIbHMId2007-08-08g30.00l0o297.175 QUTp011969r2007-08-08v30.00w2005-05-24yBK c8808d8808